=LDR 00000nam 2200000 4500 =001 INLIS000000000029401 =005 20130612131633 =008 ***********************************Ind** =035 ##$$0010-061300000029401 =041 ##$$a Ind =082 ##$$a 005.369 =090 ##$$a 005.369, Tos f =100 ##$$a Tosin, Rijanto =245 ##$$a Flowchart untuk siswa dan mahasiswa, Rijanto Tosin =260 ##$$a 1994 $b Jakarta =300 ##$$a x, 340 hlm, ilus, 22 cm =650 ##$$a Flowchart =850 ##$$a NBPNMAT